| 000 | 00958nam a2200265 a 4500 | ||
|---|---|---|---|
| 001 | 000109781 | ||
| 003 | CHAP | ||
| 005 | 20220329144103.0 | ||
| 008 | 140528s2012 mx a |rm |0|||||spa d | ||
| 010 | _a106243 | ||
| 011 | _a107215 | ||
| 040 | _cCHAP | ||
| 090 | _aTesis | ||
| 100 | 1 |
_aArellano Rivas, Amaranta _9127099 |
|
| 245 | 1 | 0 |
_aCaracterización de la anatomía y fisiología foliar de cuatro especies de zamiáceas con distribución en San Luis Potosí / _cpor Amaranta Arellano Rivas. |
| 260 |
_aSan Luis Potosí, S.L.P. Méx. : _bEl autor, _c2012. |
||
| 300 |
_a65 h. : _bcuadros. |
||
| 502 | _aTesis (M.C. en Ambientales) -- Universidad Autónoma de San Luis Potosí Facultad de Ciencias Químicas,Ingeniería y Medicina | ||
| 590 |
_aE5765TAJ _b05 _c20140528 _lUCH01 _h1003 |
||
| 650 | 1 | 4 |
_aZamiaceae _xFisiologia y morfología. _9127100 |
| 650 | 1 | 4 |
_aZamiaceae _zSan Luis Potosí. _9127101 |
| 901 | _aBK | ||
| 942 | _cTESIS | ||
| 942 | _n0 | ||
| 999 |
_c106243 _d106243 |
||